000 00758nam a2200289 a 4500
001 vtls001439336
003 NLI
005 20210627122023.0
008 121130n ii 000 0 eng
020 _cRs. 95.00
039 9 _y201211301647
_zVLOAD
040 _aNLI
_beng
_cDatasoft_GENG
_eAACR2
041 0 _aeng
044 _aii
082 0 4 _a657
100 1 _aSinha, Amitabh
_91003613
245 1 0 _aChartered accountancy /
_cAmitabh Sinha
260 _aNew Delhi :
_bLotus Books,
_c[n.d.]
300 _a112 p. ;
_c20 cm.
650 0 _aAccounting
_9678516
887 _a
901 _aDB64179
_b04.10.1993
902 _aE 657 Si 64 c
904 _l180
949 _AVIRTUAITEM
_D10000
_X100
_6DBA000064179ENG
942 _2ddc
_cBKS
999 _aVIRTUA40
_c891783
_d891783